| 000 | 00644nam a22001935i 4500 | ||
|---|---|---|---|
| 001 | 165947 | ||
| 003 | ES-MaACL | ||
| 005 | 20230906213232.0 | ||
| 008 | 050929s1827 fr | |||||||| ||fre d | ||
| 040 |
_aCAM _bspa _cCAM |
||
| 245 | 0 | 0 | _aTable analytique [pour les ] oeuvres complètes de Voltaire. |
| 260 |
_aParis : _bP. Dupont, libraire-éditeur, _c1827 ( _fImprimerie de Gaultier-Laguionie) |
||
| 300 |
_a564 p. ; _c21 cm. |
||
| 490 | 1 | _aOeuvres complètes de Voltaire | |
| 700 | 1 |
_aDupont, Paul, _eed. _946109 |
|
| 830 | 0 |
_aOeuvres complètes de Voltaire _9188721 |
|
| 852 |
_aES-MaACL _jF-7591 _z-- Enc. hol. |
||
| 999 |
_c165947 _d165947 |
||